La desventura de la libertad (Record no. 183850)

MARC details
000 -LEADER
campo de control de longitud fija 01251nam a2200289 i 4500
001 - NÚMERO DE CONTROL
campo de control 183850
003 - IDENTIFICADOR DE NÚMERO DE CONTROL
campo de control ES-MaACL
005 - FECHA Y HORA DE LA ÚLTIMA TRANSACCIÓN
campo de control 20251201163835.0
008 - DATOS DE LONGITUD FIJA--INFORMACIÓN GENERAL
campo de control de longitud fija 141028s2014 sp abcf| |||||||| |dspa d
020 ## - NÚMERO INTERNACIONAL ESTÁNDAR DEL LIBRO
Número Internacional Estándar del Libro 978-84-9060-097-9
080 ## - NÚMERO DE LA CLASIFICACIÓN DECIMAL UNIVERSAL
Número de la Clasificación Decimal Universal 929 Calatrava, José María
080 ## - NÚMERO DE LA CLASIFICACIÓN DECIMAL UNIVERSAL
Número de la Clasificación Decimal Universal 94(460)"1823"
100 1# - ENTRADA PRINCIPAL--NOMBRE DE PERSONA
Nombre de persona Ramírez, Pedro J.,
Fechas asociadas al nombre 1952-
9 (RLIN) 95106
245 13 - MENCIÓN DEL TÍTULO
Título La desventura de la libertad
Resto del título : José María Calatrava y la caída del régimen constitucional español en 1823 /
Mención de responsabilidad, etc. Pedro J. Ramírez.
250 ## - MENCION DE EDICION
Mención de edición 2ª ed.
260 ## - PUBLICACIÓN, DISTRIBUCIÓN, ETC.
Lugar de publicación, distribución, etc. Madrid :
Nombre del editor, distribuidor, etc. La Esfera de los Libros,
Fecha de publicación, distribución, etc. 2014.
300 ## - DESCRIPCIÓN FÍSICA
Extensión 1165 p., [40] p. de lám. col. y n., [3] h. de lám. pleg. :
Otras características físicas il., mapas, planos ;
Dimensiones 25 cm.
500 ## - NOTA GENERAL
Nota general Índice onomástico.
504 ## - NOTA DE BIBLIOGRAFÍA, ETC.
Nota de bibliografía, etc. Bibliografía: p. [1005]-1027.
600 17 - PUNTO DE ACCESO ADICIONAL DE MATERIA--NOMBRE DE PERSONA
Nombre de persona Calatrava, José María,
Fechas asociadas al nombre 1781-1846
Fuente del encabezamiento o término
9 (RLIN) 153278
651 #7 - PUNTO DE ACCESO ADICIONAL DE MATERIA--NOMBRE GEOGRÁFICO
Nombre geográfico España-
Subdivisión general Historia-
Subdivisión cronológica 1823, Intervención francesa.
9 (RLIN) 155795
651 #7 - PUNTO DE ACCESO ADICIONAL DE MATERIA--NOMBRE GEOGRÁFICO
Nombre geográfico España-
Subdivisión general Historia-
Subdivisión cronológica 1820-1823, Trienio constitucional
Fuente del encabezamiento o término
9 (RLIN) 145382
852 ## - LOCALIZACIÓN
Ubicación ES-MaACL
Número de control de estantería A-13282
itemnumber 190806
Sublocalización o colección R.150137
Ubicación en estantería Depósito 1
Signatura antigua Olim: N-6282
Anotaciones manuscritas Dedicatoria autógrafa del autor
Donativo/Legado Donación: Pedro J. Ramírez
903 ## - NOMBRE PERSONAL DE DONANTE
a Ramírez, Pedro J.,
d 1952-
e Donante
9 95106
942 ## - ELEMENTOS DE ENTRADA SECUNDARIOS (KOHA)
Fuente del sistema de clasificación o colocación Clasificación decimal universal
Tipo de ítem Koha Libro impreso
Holdings
Estatus retirado Estado de pérdida Fuente del sistema de clasificación o colocación Estado de daño No para préstamo Colección Biblioteca de origen Biblioteca actual Ubicación en estantería Fecha de adquisición Fuente de adquisición Total de préstamos Signatura topográfica completa Código de barras Visto por última vez Precio de reemplazo Tipo de ítem Koha Nota pública
    Clasificación decimal universal     Libros con dedicatorias Biblioteca del Ateneo de Madrid Biblioteca del Ateneo de Madrid Depósito 1 28/10/2014 Donación   A-13282 1193307 23/02/2023 23/02/2023 Libro impreso Dedicatoria autógrafa del autor